Statistiques concernant Evénements du 3 mars

Cliquez ici pour prendre le quiz!

Statistiques générales

  • Ce quiz a été pris 24 fois
  • Le résultat moyen est 5 sur 15

Statistiques - réponses

HintRéponse% Correct
Sortie de la console Nintendo Switch ET Mort de Raymond Kopa2017
75%
L'armée française occupe Madrid1808
60%
Pioneer 4 est lancée vers la Lune1959
50%
Création de Carmen de Bizet1875
45%
La Russie signe le traité de Brest-Litovsk1918
40%
Hassan II devient roi du Maroc1961
40%
Abolition du servage en Russie1861
35%
1er numéro de Time Magazine1923
35%
La Suisse décidé d'adhérer à l'ONU2002
35%
Création de la Fondation Rockefeller1910
25%
Ataturk abolit le califat ottoman en Turquie1924
25%
Mort de l'écrivain Léo Malet1996
20%
Graves inondations du Tarn1930
15%
The star spangled banner devient l'hymne officiel des Etats-Unis1931
10%
173 morts dans une bousculade dans le métro de Londres1943
10%

Distribution des résultats

Percentile par nombre de réponses

% des personnes avec chaque résultat

Votre développement - résultats

Vous n’avez pas pris ce quiz